[Event "Scottish op"]
[Site "Dunfermline"]
[Date "2025.07.12"]
[Round "8"]
[White "Vijayakumar, Rishi"]
[Black "Greet, Andrew"]
[Result "1/2-1/2"]
[WhiteElo "2333"]
[BlackElo "2396"]
[PlyCount "82"]
[EventDate "2025.07.07"]
[EventType "swiss"]
[EventRounds "9"]
[EventCountry "SCO"]
[SourceTitle "CB29_2025"]
[SourceDate "2025.07.16"]
[SourceVersion "1"]
[SourceVersionDate "2025.07.16"]
[SourceQuality "1"]

1. d4 e6 2. c4 f5 3. a3 Nf6 4. Nc3 g6 5. Bg5 h6 6. Bxf6 Qxf6 7. Nf3 Bg7 8. e4 0-0 9. exf5 gxf5 10. Qd2 c5 11. dxc5 Na6 12. Qd6 b6 13. cxb6 axb6 14. Be2 Nc5 15. Nd2 Qd4 16. Qxd4 Bxd4 17. Rc1 Bb7 18. 0-0 Ne4 19. Ndxe4 fxe4 20. Rc2 Rf6 21. Nb5 e5 22. Nxd4 exd4 23. Rd2 d3 24. Bg4 Rd6 25. Re1 Rd4 26. f3 Rxc4 27. fxe4 Bxe4 28. Bf3 Bxf3 29. gxf3 Rc2 30. Rxc2 dxc2 31. Rc1 Rc8 32. Kf2 Kf7 33. Ke3 Ke6 34. Kd3 Rf8 35. Ke3 Rc8 36. Kd3 Rf8 37. Ke2 Rc8 38. Kd2 Rf8 39. Ke2 Rc8 40. Kd2 Rf8 41. Ke3 Rc8 1/2-1/2

[Event "Scottish op"]
[Site "Dunfermline"]
[Date "2025.07.09"]
[Round "4"]
[White "Vijayakumar, Rishi"]
[Black "Arun, Nitish"]
[Result "1/2-1/2"]
[WhiteElo "2333"]
[BlackElo "2073"]
[PlyCount "88"]
[EventDate "2025.07.07"]
[EventType "swiss"]
[EventRounds "9"]
[EventCountry "SCO"]
[SourceTitle "CB29_2025"]
[SourceDate "2025.07.16"]
[SourceVersion "1"]
[SourceVersionDate "2025.07.16"]
[SourceQuality "1"]

1. d4 Nf6 2. c4 e6 3. Nf3 b6 4. g3 Bb7 5. Bg2 Bb4+ 6. Bd2 Be7 7. Nc3 c6 8. e4 d5 9. cxd5 cxd5 10. e5 Ne4 11. 0-0 0-0 12. Re1 Nxc3 13. Bxc3 Qd7 14. Qd2 a5 15. Rec1 Ba6 16. h4 Nc6 17. Rc2 Rfc8 18. Rac1 Rc7 19. Bf1 Bxf1 20. Kxf1 Rac8 21. Qd3 Na7 22. Bd2 Qb5 23. Qxb5 Nxb5 24. Rxc7 Rxc7 25. Rxc7 Nxc7 26. Ke2 Kf8 27. h5 h6 28. Ne1 Ne8 29. Kd3 f5 30. Ke2 Nc7 31. a4 Na6 32. Nd3 Ke8 33. f4 Kf7 34. Kf3 g6 35. hxg6+ Kxg6 36. Be1 h5 37. Bd2 Kf7 38. Bc3 Ke8 39. Ne1 Kd8 40. Kf2 h4 41. Nf3 hxg3+ 42. Kxg3 Kd7 43. Nd2 Nc7 44. Nf3 Na6 1/2-1/2

[Event "Scottish op"]
[Site "Dunfermline"]
[Date "2025.07.08"]
[Round "2"]
[White "Vijayakumar, Rishi"]
[Black "Woods, Yannick"]
[Result "1-0"]
[WhiteElo "2333"]
[BlackElo "1995"]
[PlyCount "101"]
[EventDate "2025.07.07"]
[EventType "swiss"]
[EventRounds "9"]
[EventCountry "SCO"]
[SourceTitle "CB29_2025"]
[SourceDate "2025.07.16"]
[SourceVersion "1"]
[SourceVersionDate "2025.07.16"]
[SourceQuality "1"]

1. d4 Nf6 2. c4 g6 3. g3 c6 4. Bg2 d5 5. Nf3 Bg7 6. 0-0 0-0 7. Qb3 dxc4 8. Qxc4 Bf5 9. Nc3 Nbd7 10. Re1 Ne4 11. Bf4 Ndf6 12. Rad1 Qb6 13. Nd2 Nxc3 14. bxc3 Be6 15. Qa4 Qd8 16. e4 Nd7 17. Nb3 b5 18. Qa3 Nb6 19. Nc5 Bc4 20. h4 Qc8 21. Kh2 Rd8 22. Bh3 e6 23. h5 Bf6 24. Qc1 Re8 25. e5 Be7 26. Ne4 Nd5 27. Bg5 Qd8 28. Bxe7 Qxe7 29. Qh6 Bxa2 30. Ng5 f5 31. exf6 Nxf6 32. hxg6 hxg6 33. Qxg6+ Qg7 34. Qxg7+ Kxg7 35. Ra1 Kg6 36. Rxa2 Kxg5 37. Re5+ Kg6 38. Ra6 Nd7 39. Rxe6+ Rxe6 40. Bxe6 Nb6 41. Bh3 Kf6 42. Bg2 Rh8+ 43. Kg1 Rh7 44. Bxc6 Rc7 45. Bxb5 Rxc3 46. Rxa7 Rb3 47. Bf1 Rb1 48. Rb7 Ke6 49. Kh2 Rxf1 50. Rxb6+ Kd5 51. Kg2 1-0

[Event "Scottish op"]
[Site "Dunfermline"]
[Date "2025.07.07"]
[Round "1"]
[White "Kane, Robert"]
[Black "Vijayakumar, Rishi"]
[Result "0-1"]
[WhiteElo "1853"]
[BlackElo "2333"]
[PlyCount "82"]
[EventDate "2025.07.07"]
[EventType "swiss"]
[EventRounds "9"]
[EventCountry "SCO"]
[SourceTitle "CB29_2025"]
[SourceDate "2025.07.16"]
[SourceVersion "1"]
[SourceVersionDate "2025.07.16"]
[SourceQuality "1"]

1. d4 Nf6 2. Nf3 d5 3. Bf4 c5 4. c3 Nc6 5. e3 e6 6. Nbd2 cxd4 7. exd4 Nh5 8. Bg5 f6 9. Be3 Bd6 10. g3 0-0 11. Bd3 g6 12. Nh4 Ng7 13. Qc2 Bd7 14. 0-0 Rc8 15. Qd1 e5 16. Ng2 Be6 17. Nb3 Qc7 18. f4 e4 19. Bxe4 dxe4 20. d5 Bf7 21. dxc6 Qxc6 22. Nd4 Qa6 23. f5 g5 24. Qc2 Rfe8 25. b3 Be5 26. Rad1 Qa5 27. c4 b5 28. c5 b4 29. Ne6 Nxe6 30. fxe6 Rxe6 31. Rd7 Be8 32. Rd2 Bc6 33. Qc4 Rce8 34. Rfd1 Bb5 35. Qd5 Bc6 36. Qc4 Bb5 37. Qd5 Qa6 38. Qxe4 Bf4 39. Qf5 Bxe3+ 40. Nxe3 Rxe3 41. Rd8 Qc6 0-1

[Event "Fagernes op"]
[Site "Fagernes"]
[Date "2025.04.20"]
[Round "9"]
[White "Vestby Ellingsen, Mads"]
[Black "Vijayakumar, Rishi"]
[Result "1/2-1/2"]
[WhiteElo "2398"]
[BlackElo "2317"]
[PlyCount "32"]
[EventDate "2025.04.13"]
[EventType "swiss"]
[EventRounds "9"]
[EventCountry "NOR"]
[SourceTitle "CB17_2025"]
[SourceDate "2025.04.23"]
[SourceVersion "1"]
[SourceVersionDate "2025.04.23"]
[SourceQuality "1"]

1. e4 e5 2. Nf3 Nc6 3. Nc3 Nf6 4. a3 g6 5. d4 exd4 6. Nxd4 Bg7 7. Nxc6 bxc6 8. Bd3 0-0 9. 0-0 d6 10. Bg5 h6 11. Bh4 Rb8 12. Rb1 c5 13. Re1 g5 14. Bg3 Ng4 15. h3 Ne5 16. Bf1 Ng6 1/2-1/2

[Event "EU-ch 25th"]
[Site "Eforie Nord"]
[Date "2025.03.23"]
[Round "8"]
[White "Paprocki, Jaroslaw"]
[Black "Vijayakumar, Rishi"]
[Result "0-1"]
[WhiteElo "2109"]
[BlackElo "2311"]
[PlyCount "154"]
[EventDate "2025.03.15"]
[EventType "swiss"]
[EventRounds "11"]
[EventCountry "ROU"]
[SourceTitle "CB13_2025"]
[SourceDate "2025.03.26"]
[SourceVersion "1"]
[SourceVersionDate "2025.03.26"]
[SourceQuality "1"]

1. d4 Nf6 2. Nc3 d5 3. Bf4 e6 4. Nb5 Bb4+ 5. c3 Ba5 6. e3 a6 7. Na3 Qe7 8. Nb1 0-0 9. Nf3 b5 10. a3 Nbd7 11. Bd3 Bb7 12. Nbd2 Ne4 13. g4 c5 14. Qb1 f5 15. gxf5 exf5 16. Nb3 Bb6 17. dxc5 Ndxc5 18. Nxc5 Bxc5 19. Rg1 Rae8 20. Be5 g6 21. Qa2 Qf7 22. Bf4 Qe6 23. Rg2 Bd6 24. Nd4 Qf6 25. Bxe4 Rxe4 26. Bg5 Qf7 27. 0-0-0 Rg4 28. Rxg4 fxg4 29. Bh6 Re8 30. b4 Bxh2 31. Qe2 Bc8 32. f3 Qc7 33. Kb2 gxf3 34. Qxf3 Qf7 35. Qg2 Be5 36. Rf1 Qd7 37. Qf3 Bg7 38. Bxg7 Kxg7 39. Qf6+ Kg8 40. Nf5 Qxf5 41. Rxf5 Bxf5 42. Qxa6 Bd3 43. a4 Bc4 44. Qc6 Rf8 45. Qe6+ Kg7 46. Qe5+ Kg8 47. e4 Rf2+ 48. Kc1 bxa4 49. Qb8+ Rf8 50. Qa7 dxe4 51. Kd2 Rf3 52. Qb8+ Kg7 53. Qc7+ Bf7 54. Qe5+ Kh6 55. Qxe4 Rf5 56. c4 a3 57. Qe3+ g5 58. Qb6+ Kh5 59. Qa7 a2 60. Kc3 Rf3+ 61. Kb2 Bxc4 62. Qxh7+ Kg4 63. Qe4+ Rf4 64. Qg2+ Kf5 65. Qc2+ Kf6 66. Qc3+ Kg6 67. Qc2+ Kg7 68. Qc3+ Kf7 69. b5 Rf2+ 70. Ka3 a1Q+ 71. Qxa1 Ra2+ 72. Qxa2 Bxa2 73. Kxa2 Ke6 74. Kb3 g4 75. b6 Kd6 76. Kc4 g3 77. b7 Kc7 0-1

[Event "EU-ch 25th"]
[Site "Eforie Nord"]
[Date "2025.03.20"]
[Round "6"]
[White "Sahbudak, Baris Cinar"]
[Black "Vijayakumar, Rishi"]
[Result "0-1"]
[WhiteElo "2125"]
[BlackElo "2311"]
[PlyCount "90"]
[EventDate "2025.03.15"]
[EventType "swiss"]
[EventRounds "11"]
[EventCountry "ROU"]
[SourceTitle "CB13_2025"]
[SourceDate "2025.03.26"]
[SourceVersion "1"]
[SourceVersionDate "2025.03.26"]
[SourceQuality "1"]

1. e4 e5 2. Nc3 Nf6 3. Bc4 Bc5 4. d3 0-0 5. f4 exf4 6. Bxf4 c6 7. Bb3 d5 8. e5 Bg4 9. Qd2 Nh5 10. d4 Bb4 11. h3 Qh4+ 12. g3 Nxg3 13. Qf2 Bxc3+ 14. bxc3 Bf3 15. Bxg3 Qe4+ 16. Ne2 Bxh1 17. Kd2 Nd7 18. Nf4 g5 19. Nd3 Rae8 20. Re1 Qg2 21. Rg1 Qxf2+ 22. Bxf2 Be4 23. Rxg5+ Kh8 24. Bg3 b5 25. Nf2 f6 26. exf6 Rxf6 27. Ng4 Rg6 28. h4 Rxg5 29. hxg5 Kg7 30. a4 a6 31. axb5 axb5 32. Bf4 Kg6 33. Be3 Rf8 34. Nf2 Rxf2+ 35. Bxf2 Kxg5 36. Bg3 Kg4 37. Bd6 Kf3 38. Kc1 h5 39. Kb2 h4 40. Ka3 h3 41. Kb4 Nf6 42. Kc5 Nh5 43. Bh2 Kg2 44. Be5 Ng3 45. Kxc6 h2 0-1

[Event "EU-ch 25th"]
[Site "Eforie Nord"]
[Date "2025.03.19"]
[Round "5"]
[White "Vijayakumar, Rishi"]
[Black "Paichadze, Luka"]
[Result "0-1"]
[WhiteElo "2311"]
[BlackElo "2532"]
[PlyCount "100"]
[EventDate "2025.03.15"]
[EventType "swiss"]
[EventRounds "11"]
[EventCountry "ROU"]
[SourceTitle "CB13_2025"]
[SourceDate "2025.03.26"]
[SourceVersion "1"]
[SourceVersionDate "2025.03.26"]
[SourceQuality "1"]

1. d4 Nf6 2. c4 e6 3. Nf3 b6 4. g3 Bb7 5. Bg2 Bb4+ 6. Bd2 Be7 7. 0-0 c6 8. Nc3 d5 9. Qc2 0-0 10. Rfd1 Nbd7 11. Bf4 dxc4 12. Ne5 Nd5 13. Nxc4 Nxf4 14. gxf4 Qc7 15. e3 Rfd8 16. Rac1 Rac8 17. a4 Nf8 18. Ne5 a6 19. f5 f6 20. Nd3 c5 21. dxc5 Bxg2 22. Kxg2 bxc5 23. Nf4 Qb7+ 24. f3 exf5 25. Qxf5 Rxd1 26. Rxd1 Qxb2+ 27. Nfe2 Qb7 28. Rb1 Qc6 29. Nd5 Re8 30. Rb8 Kf7 31. Rxe8 Qxe8 32. Qd3 Qxa4 33. Nec3 Qc6 34. Qc4 Qe6 35. Ne2 Ng6 36. e4 Ne5 37. Qb3 Ng6 38. Qb7 f5 39. Nc7 Qa2 40. Qxa6 Nf4+ 41. Kf2 Bh4+ 42. Ke3 Ng2+ 43. Kd3 Ne1+ 44. Ke3 Qb3+ 45. Kf4 Qxf3+ 46. Ke5 Nd3+ 47. Kd6 Qxe4 48. Nc3 Qe7+ 49. Kc6 Nb4+ 50. Kb5 Nxa6 0-1

[Event "EU-ch 25th"]
[Site "Eforie Nord"]
[Date "2025.03.16"]
[Round "2"]
[White "Pit Rada, Mihail Cosmin"]
[Black "Vijayakumar, Rishi"]
[Result "0-1"]
[WhiteElo "2101"]
[BlackElo "2311"]
[PlyCount "88"]
[EventDate "2025.03.15"]
[EventType "swiss"]
[EventRounds "11"]
[EventCountry "ROU"]
[SourceTitle "CB13_2025"]
[SourceDate "2025.03.26"]
[SourceVersion "1"]
[SourceVersionDate "2025.03.26"]
[SourceQuality "1"]

1. c4 Nf6 2. Nc3 c5 3. g3 d5 4. cxd5 Nxd5 5. Bg2 Nc7 6. Qa4+ Bd7 7. Qb3 Nc6 8. Qxb7 Nd4 9. Qe4 g6 10. Qb1 Bg7 11. Nf3 0-0 12. 0-0 Rb8 13. Nxd4 cxd4 14. Ne4 Bc6 15. Qc2 Rb6 16. d3 Qa8 17. Bf3 f5 18. Ng5 h6 19. Bxc6 Rxc6 20. Qb3+ e6 21. Nf3 Nd5 22. Qa4 Qb7 23. Nd2 Rfc8 24. Nc4 Nb6 25. Qb3 Qa6 26. Na3 Nd5 27. Qb5 Qxb5 28. Nxb5 Rc2 29. Re1 a6 30. Na3 Nb4 31. Rb1 R2c6 32. Bd2 Bf8 33. Nc4 Nxa2 34. Ra1 Nb4 35. Bxb4 Bxb4 36. Red1 a5 37. Ra4 Rb8 38. Kf1 Rc5 39. Rda1 Kf7 40. f4 Kf6 41. Nxa5 Bxa5 42. Rxa5 Rc2 43. R1a4 Rbxb2 44. Re5 Rc1+ 0-1

[Event "Titled Tuesday intern op 04th Mar Early"]
[Site "Chess.com INT"]
[Date "2025.03.04"]
[Round "2"]
[White "Ruiz Aguilar, Pablo Alexander"]
[Black "Vijayakumar, Rishi"]
[Result "1/2-1/2"]
[WhiteElo "2190"]
[BlackElo "2311"]
[PlyCount "184"]
[EventDate "2025.03.04"]
[EventType "swiss (blitz)"]
[EventRounds "11"]
[EventCountry "USA"]
[SourceTitle "CB11_2025"]
[SourceDate "2025.03.12"]
[SourceVersion "1"]
[SourceVersionDate "2025.03.12"]
[SourceQuality "1"]

1. e4 e5 2. Nf3 Nc6 3. d4 exd4 4. Nxd4 Nf6 5. Nxc6 bxc6 6. Bd3 d5 7. exd5 cxd5 8. Bb5+ Bd7 9. Bxd7+ Qxd7 10. 0-0 Be7 11. b3 0-0 12. Bb2 c5 13. Nd2 Rfd8 14. Re1 Bd6 15. Bxf6 gxf6 16. Qf3 Be5 17. Rad1 Rac8 18. c4 Qc6 19. cxd5 Qxd5 20. Qxd5 Rxd5 21. Nc4 Rcd8 22. Rxd5 Rxd5 23. g3 Kg7 24. Kg2 a5 25. Re2 Bc3 26. Rc2 Be1 27. Ne3 Re5 28. Rc4 Bd2 29. Rg4+ Kf8 30. Nc4 Rd5 31. Nxd2 Rxd2 32. Ra4 Rc2 33. Kf3 Rc3+ 34. Ke2 Rc2+ 35. Ke3 Ke7 36. h4 h5 37. Rxa5 Ke6 38. Ra4 Kd5 39. Ra5 Kd6 40. Ra6+ Ke5 41. Rc6 f5 42. b4 Rxa2 43. Rxc5+ Ke6 44. b5 Rb2 45. f3 f6 46. Rc6+ Ke7 47. b6 Rb4 48. Rc7+ Kd6 49. Rf7 Ke6 50. Rb7 Kd6 51. Rb8 Ke5 52. Re8+ Kd6 53. Rb8 f4+ 54. gxf4 Ke6 55. b7 Kf5 56. Rh8 Rb3+ 57. Kf2 Rxb7 58. Rxh5+ Kxf4 59. Rd5 Rb2+ 60. Kf1 f5 61. h5 Rh2 62. Rd3 Kg3 63. f4+ Kxf4 64. Rb3 Kg4 65. h6 f4 66. h7 Rxh7 67. Kf2 Rh2+ 68. Kf1 Rc2 69. Ra3 Rc5 70. Rb3 Rh5 71. Kf2 Rh2+ 72. Kf1 Rd2 73. Ra3 f3 74. Ra8 Rd1+ 75. Kf2 Rd2+ 76. Kf1 Rd5 77. Rg8+ Kf4 78. Rf8+ Ke3 79. Re8+ Kf4 80. Rf8+ Kg4 81. Rg8+ Kh4 82. Rh8+ Rh5 83. Rxh5+ Kxh5 84. Kf2 Kg4 85. Kf1 Kf4 86. Kf2 Ke4 87. Kf1 Ke3 88. Ke1 Ke4 89. Kf2 Kf4 90. Kf1 Kg3 91. Kg1 f2+ 92. Kf1 Kf3 1/2-1/2

[Event "Titled Tuesday intern op 04th Mar Early"]
[Site "Chess.com INT"]
[Date "2025.03.04"]
[Round "3"]
[White "Vijayakumar, Rishi"]
[Black "Tarnowska, Aleksandra"]
[Result "1-0"]
[WhiteElo "2311"]
[BlackElo "1882"]
[PlyCount "55"]
[EventDate "2025.03.04"]
[EventType "swiss (blitz)"]
[EventRounds "11"]
[EventCountry "USA"]
[SourceTitle "CB11_2025"]
[SourceDate "2025.03.12"]
[SourceVersion "1"]
[SourceVersionDate "2025.03.12"]
[SourceQuality "1"]

1. d4 d5 2. c4 e6 3. Nc3 Nf6 4. Nf3 Be7 5. Bf4 0-0 6. a3 b6 7. Qc2 Bb7 8. Rd1 Nbd7 9. cxd5 Nxd5 10. Nxd5 exd5 11. e3 c5 12. Bd3 g6 13. 0-0 c4 14. Be2 Bf6 15. Ne5 Bg7 16. Bg4 Nxe5 17. dxe5 Qe7 18. Bf3 Bxe5 19. Bxd5 Bxf4 20. exf4 Bxd5 21. Rxd5 Rac8 22. Rfd1 Qf6 23. R1d4 Rfe8 24. g3 Qe6 25. Re5 Qh3 26. Rxc4 Rxe5 27. Rxc8+ Kg7 28. fxe5 1-0

[Event "British Rapidplay"]
[Site "Peterborough"]
[Date "2025.03.02"]
[Round "11"]
[White "Larchikov, Maksym"]
[Black "Vijayakumar, Rishi"]
[Result "0-1"]
[WhiteElo "2050"]
[BlackElo "2311"]
[PlyCount "70"]
[EventDate "2025.03.01"]
[EventType "swiss (rapid)"]
[EventRounds "11"]
[EventCountry "ENG"]
[SourceTitle "CB10_2025"]
[SourceDate "2025.03.05"]
[SourceVersion "1"]
[SourceVersionDate "2025.03.05"]
[SourceQuality "1"]

1. d4 Nf6 2. c4 e6 3. Nf3 d5 4. Nc3 Bb4 5. Bg5 h6 6. Bxf6 Qxf6 7. e3 0-0 8. Rc1 Nc6 9. h3 Rd8 10. cxd5 exd5 11. Bd3 Ne7 12. 0-0 c6 13. Ne5 c5 14. Ng4 Bxg4 15. Qxg4 cxd4 16. exd4 Nc6 17. Ne2 g6 18. Rfd1 Bd6 19. Nc3 Bf4 20. Rb1 h5 21. Qe2 Nxd4 22. Qf1 Be5 23. Ne2 h4 24. Nxd4 Bxd4 25. Rd2 Qf4 26. Rbd1 Be5 27. g3 hxg3 28. Qg2 Bd4 29. Bf1 Bxf2+ 30. Kh1 Rac8 31. Rxd5 Rxd5 32. Qxd5 Rc1 33. Bg2 Bd4 34. Qb3 Qe3 35. Bxb7 Qg1+ 0-1

[Event "British Rapidplay"]
[Site "Peterborough"]
[Date "2025.03.02"]
[Round "10"]
[White "Shearsby, Jude"]
[Black "Vijayakumar, Rishi"]
[Result "0-1"]
[WhiteElo "2152"]
[BlackElo "2311"]
[PlyCount "50"]
[EventDate "2025.03.01"]
[EventType "swiss (rapid)"]
[EventRounds "11"]
[EventCountry "ENG"]
[SourceTitle "CB10_2025"]
[SourceDate "2025.03.05"]
[SourceVersion "1"]
[SourceVersionDate "2025.03.05"]
[SourceQuality "1"]

1. d4 Nf6 2. Nc3 d5 3. Bf4 e6 4. Nb5 Bb4+ 5. c3 Ba5 6. e3 0-0 7. Nf3 a6 8. Na3 Qe7 9. Nc2 c5 10. Bd3 c4 11. Be2 Bc7 12. 0-0 Nc6 13. b4 Ne4 14. Qe1 f6 15. a4 e5 16. Bg3 Bf5 17. Na3 Bd6 18. dxe5 fxe5 19. Qc1 Rad8 20. Bh4 g5 21. Nxg5 Nxg5 22. e4 Nh3+ 23. Kh1 Qxh4 24. exf5 Nxf2+ 25. Kg1 e4 0-1

[Event "British Rapidplay"]
[Site "Peterborough"]
[Date "2025.03.01"]
[Round "5"]
[White "Vijayakumar, Rishi"]
[Black "Basher, Ekramul"]
[Result "1-0"]
[WhiteElo "2311"]
[BlackElo "1726"]
[PlyCount "63"]
[EventDate "2025.03.01"]
[EventType "swiss (rapid)"]
[EventRounds "11"]
[EventCountry "ENG"]
[SourceTitle "CB10_2025"]
[SourceDate "2025.03.05"]
[SourceVersion "1"]
[SourceVersionDate "2025.03.05"]
[SourceQuality "1"]

1. d4 e6 2. c4 Nf6 3. Nf3 d5 4. Nc3 Nc6 5. Bg5 h6 6. Bxf6 gxf6 7. cxd5 exd5 8. g3 Be6 9. Bg2 a6 10. 0-0 h5 11. Nh4 f5 12. Qd3 Qf6 13. Nxd5 Bxd5 14. Bxd5 0-0-0 15. Bxc6 Qxc6 16. Rac1 Qb6 17. Rc4 Qxb2 18. Rfc1 Bd6 19. Nxf5 Qxa2 20. Qe4 Kb8 21. Nxd6 Rxd6 22. Rxc7 Qd5 23. Qe7 Rb6 24. Rd7 Qe6 25. Rd8+ Rxd8 26. Qxd8+ Ka7 27. Rc8 Rb1+ 28. Kg2 Qe4+ 29. f3 Qxe2+ 30. Kh3 Qe6+ 31. Kh4 b5 32. Qc7# 1-0

[Event "Groningen op 60th"]
[Site "Groningen"]
[Date "2024.12.29"]
[Round "8"]
[White "Vijayakumar, Rishi"]
[Black "Smeets, Kobe"]
[Result "1/2-1/2"]
[WhiteElo "2204"]
[BlackElo "2349"]
[PlyCount "77"]
[EventDate "2024.12.21"]
[EventType "swiss"]
[EventRounds "9"]
[EventCountry "NED"]
[SourceTitle "CB02_2025"]
[SourceDate "2025.01.08"]
[SourceVersion "1"]
[SourceVersionDate "2025.01.08"]
[SourceQuality "1"]

1. d4 d5 2. c4 c6 3. Nc3 Nf6 4. Nf3 dxc4 5. a4 e6 6. e4 Bb4 7. Bg5 Bxc3+ 8. bxc3 Qa5 9. Bd2 Nxe4 10. Bxc4 b6 11. Ne5 Nxd2 12. Qxd2 Ba6 13. 0-0 Bxc4 14. Nxc4 Qd5 15. Ne3 Qd8 16. f4 g6 17. d5 cxd5 18. f5 Nc6 19. fxe6 fxe6 20. Ng4 Qd6 21. Qg5 Qe7 22. Nf6+ Kd8 23. Rad1 Kc8 24. c4 d4 25. Qb5 Kb7 26. a5 Nxa5 27. Ne4 Rad8 28. c5 Rd5 29. Rb1 Ka8 30. Qa6 Qb7 31. Rxb6 Qxa6 32. Rxa6 Nb3 33. Rf7 Nxc5 34. Rfxa7+ Kb8 35. Nxc5 Rxc5 36. Ra8+ Kb7 37. R8a7+ Kc8 38. Ra8+ Kb7 39. R8a7+ 1/2-1/2

[Event "Groningen op 60th"]
[Site "Groningen"]
[Date "2024.12.28"]
[Round "7"]
[White "De Boer, Eelke"]
[Black "Vijayakumar, Rishi"]
[Result "0-1"]
[WhiteElo "2426"]
[BlackElo "2204"]
[PlyCount "82"]
[EventDate "2024.12.21"]
[EventType "swiss"]
[EventRounds "9"]
[EventCountry "NED"]
[SourceTitle "CB02_2025"]
[SourceDate "2025.01.08"]
[SourceVersion "1"]
[SourceVersionDate "2025.01.08"]
[SourceQuality "1"]

1. d4 Nf6 2. c4 e6 3. Nf3 d5 4. g3 Be7 5. Bg2 0-0 6. 0-0 dxc4 7. Qc2 b6 8. Ne5 Qxd4 9. Bxa8 Qxe5 10. Bf3 Nd5 11. Qxc4 Ba6 12. Qa4 c5 13. Na3 Qc7 14. Bf4 Nxf4 15. Qxf4 Qxf4 16. gxf4 Bd6 17. Rfd1 Bxf4 18. Nc2 Rc8 19. b4 Kf8 20. Rab1 Bc4 21. Bb7 Re8 22. bxc5 Bxe2 23. Rd4 e5 24. Rxf4 exf4 25. c6 Ba6 26. Ba8 Nd7 27. Rd1 Nc5 28. c7 Ne6 29. Bf3 Rc8 30. Nb4 Bc4 31. Rd2 Rxc7 32. h4 a5 33. Nc6 Bb5 34. Ne5 f6 35. Ng4 Rc1+ 36. Kg2 Bf1+ 37. Kh2 h5 38. Nxf6 gxf6 39. Rd6 Ke7 40. Rxb6 Rc5 41. Rb7+ Nc7 0-1

[Event "Groningen op 60th"]
[Site "Groningen"]
[Date "2024.12.22"]
[Round "2"]
[White "Vijayakumar, Rishi"]
[Black "Schoppen, Casper"]
[Result "0-1"]
[WhiteElo "2204"]
[BlackElo "2539"]
[PlyCount "94"]
[EventDate "2024.12.21"]
[EventType "swiss"]
[EventRounds "9"]
[EventCountry "NED"]
[SourceTitle "CB02_2025"]
[SourceDate "2025.01.08"]
[SourceVersion "1"]
[SourceVersionDate "2025.01.08"]
[SourceQuality "1"]

1. d4 Nf6 2. c4 g6 3. Nc3 Bg7 4. e4 d6 5. h3 e5 6. d5 a5 7. Be3 Na6 8. Nf3 Bd7 9. g4 Nc5 10. Nd2 h5 11. g5 Nh7 12. Rg1 0-0 13. h4 Kh8 14. Be2 Be8 15. Qc2 a4 16. Nf1 f6 17. 0-0-0 fxg5 18. hxg5 a3 19. b3 Rf4 20. Qd2 Nxg5 21. Ng3 Qf6 22. Rg2 h4 23. Rh1 Kg8 24. Rxh4 Rxh4 25. Bxg5 Qxg5 26. Qxg5 Bh6 27. Qxh6 Rxh6 28. Kc2 Na6 29. Bg4 Nb4+ 30. Kd2 Kf7 31. Nge2 Ke7 32. f4 exf4 33. Nxf4 Bf7 34. Ke3 Rah8 35. Be2 c6 36. Nb1 Rh1 37. Nc3 Rc1 38. Nd1 Nxa2 39. Kd2 Rb1 40. Kc2 Ra1 41. Nd3 cxd5 42. exd5 g5 43. Kd2 Bg6 44. Nf4 gxf4 45. Rxg6 Rh2 46. Re6+ Kd7 47. Rf6 Rxd1+ 0-1

[Event "Groningen op 60th"]
[Site "Groningen"]
[Date "2024.12.21"]
[Round "1"]
[White "Poetsch, Hagen"]
[Black "Vijayakumar, Rishi"]
[Result "1/2-1/2"]
[WhiteElo "2491"]
[BlackElo "2204"]
[PlyCount "45"]
[EventDate "2024.12.21"]
[EventType "swiss"]
[EventRounds "9"]
[EventCountry "NED"]
[SourceTitle "CB02_2025"]
[SourceDate "2025.01.08"]
[SourceVersion "1"]
[SourceVersionDate "2025.01.08"]
[SourceQuality "1"]

1. Nf3 Nf6 2. g3 c5 3. Bg2 Nc6 4. 0-0 e5 5. e4 d6 6. Re1 g6 7. c3 Bg7 8. d4 cxd4 9. cxd4 Bg4 10. d5 Nd4 11. Be3 0-0 12. Nbd2 Rc8 13. Bxd4 exd4 14. h3 Bxf3 15. Nxf3 Nd7 16. Nxd4 Qb6 17. Nb3 Bxb2 18. Rb1 Bf6 19. Nd2 Qa5 20. Rxb7 Nc5 21. Nb3 Qxa2 22. Nxc5 Rxc5 23. Qb1 1/2-1/2

[Event "Sant Boi de Llobregat op 5th"]
[Site "Sant Boi de Llobregat"]
[Date "2024.12.04"]
[Round "6"]
[White "Molenda, Marcin"]
[Black "Vijayakumar, Rishi"]
[Result "1-0"]
[WhiteElo "2359"]
[BlackElo "2172"]
[PlyCount "91"]
[EventDate "2024.11.29"]
[EventType "swiss"]
[EventRounds "10"]
[EventCountry "ESP"]
[SourceTitle "CB50_2024"]
[SourceDate "2024.11.01"]
[SourceVersion "1"]
[SourceVersionDate "2024.11.01"]
[SourceQuality "2"]

1. d4 Nf6 2. c4 e6 3. Nc3 Bb4 4. e3 0-0 5. Bd3 d5 6. a3 Bxc3+ 7. bxc3 dxc4 8. Bxc4 c5 9. Ne2 Qc7 10. Bd3 Nc6 11. f4 b6 12. 0-0 Bb7 13. Ng3 Rfd8 14. Qe2 Rac8 15. Bb2 Na5 16. Rad1 cxd4 17. cxd4 Nc4 18. Rc1 b5 19. f5 Re8 20. Nh5 Nxh5 21. Qxh5 Qc6 22. Rc2 exf5 23. Qxf5 Qg6 24. Qxc8 Bxc8 25. Bxg6 hxg6 26. Bc1 Bb7 27. a4 a6 28. axb5 axb5 29. Ra2 b4 30. Ra4 Be4 31. Rxb4 Nd6 32. d5 f5 33. Rd1 Rc8 34. Ba3 Kh7 35. Ra4 Nb5 36. d6 Nc3 37. d7 Rd8 38. Rxe4 Nxd1 39. Rd4 Nc3 40. Be7 Ne2+ 41. Kf2 Nxd4 42. Bxd8 Ne6 43. Be7 f4 44. exf4 Kg8 45. d8Q+ Kh7 46. Qd7 1-0

[Event "Sant Boi de Llobregat op 5th"]
[Site "Sant Boi de Llobregat"]
[Date "2024.12.03"]
[Round "5"]
[White "Vijayakumar, Rishi"]
[Black "Torrecillas Martinez, Antonio"]
[Result "1-0"]
[WhiteElo "2172"]
[BlackElo "2274"]
[PlyCount "67"]
[EventDate "2024.11.29"]
[EventType "swiss"]
[EventRounds "10"]
[EventCountry "ESP"]
[SourceTitle "CB50_2024"]
[SourceDate "2024.11.01"]
[SourceVersion "1"]
[SourceVersionDate "2024.11.01"]
[SourceQuality "2"]

1. d4 Nf6 2. c4 g6 3. h4 Bg7 4. Nc3 Nc6 5. d5 Ne5 6. e4 d6 7. Be2 c6 8. Nf3 Nxf3+ 9. Bxf3 Bd7 10. Be3 Qa5 11. Qd2 Rc8 12. 0-0 0-0 13. h5 Rfd8 14. h6 Bh8 15. Be2 a6 16. b4 Qc7 17. Rac1 cxd5 18. cxd5 Qb8 19. Bd4 b5 20. f4 Qb7 21. f5 Rc7 22. Rf4 Rdc8 23. Rcf1 g5 24. Rg4 Nxg4 25. Qxg5+ Kf8 26. Bg7+ Ke8 27. Bxg4 Qb6+ 28. Kh1 f6 29. Bxf6 exf6 30. Qg8+ Ke7 31. Qxh7+ Kd8 32. Qxh8+ Be8 33. Qxf6+ Kd7 34. h7 1-0